Platform views (Record no. 65420)

MARC details
000 -LEADER
fixed length control field 01334cam a2200241 4500
001 - CONTROL NUMBER
control field ABS63229
008 - FIXED-LENGTH DATA ELEMENTS--GENERAL INFORMATION
fixed length control field 000000n2000 000 0 eng u
035 ## - SYSTEM CONTROL NUMBER
System control number (Sirsi) u109588
100 ## - MAIN ENTRY--PERSONAL NAME
Personal name Murray, J
245 ## - TITLE STATEMENT
Title Platform views
260 ## - PUBLICATION, DISTRIBUTION, ETC.
Date of publication, distribution, etc. 2000
490 ## - SERIES STATEMENT
Series statement Cost Engineer
Volume/sequential designation 38(6) November 2000, 9(1)
520 ## - SUMMARY, ETC.
Summary, etc. Considers the changing role of the quantity surveyor (QS) and outlines the challenges facing QS professionals. A continuing trend in QS is the advancement of value engineering, the aim being to provide maximum value while maintaining specification and performance. IT has automated processes for assessing tenders and unit rates, so consultants can add value by concentrating on analysing results. Suggests there has also been a move towards project leadership and management consultancy as new roles for cost consultants. Concludes that while core services will continue to be provided by consultants, they will need to broaden their skills to encompass other areas. This abstract appeared in CSM January 2001 as ABS63230.
590 ## - LOCAL NOTE (RLIN)
Local note ABS
650 ## - SUBJECT ADDED ENTRY--TOPICAL TERM
Topical term or geographic name entry element BEST VALUE
650 ## - SUBJECT ADDED ENTRY--TOPICAL TERM
Topical term or geographic name entry element Management consultancy
9 (RLIN) 6255
650 ## - SUBJECT ADDED ENTRY--TOPICAL TERM
Topical term or geographic name entry element VALUE ENGINEERING
650 ## - SUBJECT ADDED ENTRY--TOPICAL TERM
Topical term or geographic name entry element QUANTITY SURVEYORS
650 ## - SUBJECT ADDED ENTRY--TOPICAL TERM
Topical term or geographic name entry element PROFESSIONAL SKILLS
650 ## - SUBJECT ADDED ENTRY--TOPICAL TERM
Topical term or geographic name entry element Cost management
9 (RLIN) 6233
690 ## - LOCAL SUBJECT ADDED ENTRY--TOPICAL TERM (OCLC, RLIN)
Topical term or geographic name as entry element Quantity surveying
9 (RLIN) 6263
942 ## - ADDED ENTRY ELEMENTS (KOHA)
Suppress in OPAC 0
Holdings
Withdrawn status Lost status Source of classification or shelving scheme Damaged status Not for loan Home library Current library Shelving location Date acquired Total Checkouts Full call number Barcode Date last seen Copy number Price effective from Koha item type
    Dewey Decimal Classification     London London Journal article 29/11/2000   ABS63229 109588-1001 06/08/2019 1 06/08/2019 Journal article